[Event "UTP Team-chT"]
[Site "Seri Iskandar"]
[Date "2017.09.24"]
[Round "5.3"]
[White "Chan, Sheng Yip"]
[Black "Muhd, Ali Chor"]
[Result "1-0"]
[WhiteElo "1927"]
[BlackElo "1779"]
[PlyCount "109"]
[EventDate "2017.09.23"]
[EventType "team-swiss"]
[EventRounds "7"]
[EventCountry "MAS"]
[SourceTitle "EXT 2019"]
[Source "ChessBase"]
[SourceDate "2018.10.10"]
[SourceVersion "1"]
[SourceVersionDate "2018.10.10"]
[SourceQuality "1"]

1. c4 Nf6 2. g3 g6 3. Bg2 Bg7 4. Nc3 d6 5. Nf3 c6 6. 0-0 0-0 7. d4 Qa5 8. h3 Be6 9. Qd3 Qa6 10. Nd2 d5 11. b3 Nbd7 12. Nd1 Nb6 13. Ne3 dxc4 14. Nexc4 c5 15. Ba3 Nxc4 16. bxc4 cxd4 17. Bxe7 Rfe8 18. Bxf6 Bxf6 19. Qf3 Bg5 20. Ne4 Be7 21. Rfc1 Bxc4 22. Nd2 Bxe2 23. Qxb7 Rab8 24. Qxa6 Bxa6 25. Rc7 Rb2 26. Rxa7 Rxd2 27. Rxa6 Bb4 28. Bd5 Rd8 29. Bb3 Re2 30. Rd1 d3 31. Kf1 Re7 32. Rb6 Rd4 33. a4 d2 34. Kg2 Re1 35. Rb7 Rxd1 36. Bxd1 Re4 37. Kf3 Re1 38. Rxb4 Rxd1 39. Ke2 Rh1 40. Kxd2 Rxh3 41. a5 Rh2 42. Ke2 Rh5 43. Ra4 Re5+ 44. Kd3 Re8 45. a6 Ra8 46. Kc4 Kg7 47. Kb5 h5 48. Kb6 g5 49. Kb7 Re8 50. a7 Re7+ 51. Kc6 Rxa7 52. Rxa7 Kg6 53. Ra4 f5 54. Kd5 g4 55. Ke6 1-0

[Event "Skudai Kejohanan op"]
[Site "Skudai"]
[Date "2016.02.02"]
[Round "6"]
[White "Abdul Rahman, M Sapuan"]
[Black "Muhd, Ali Chor"]
[Result "1/2-1/2"]
[WhiteElo "1695"]
[BlackElo "1823"]
[PlyCount "40"]
[EventDate "2016.01.31"]
[EventType "swiss"]
[EventRounds "9"]
[EventCountry "MAS"]
[SourceTitle "CBM 170 Extra"]
[Source "ChessBase"]
[SourceDate "2016.02.25"]
[SourceVersion "1"]
[SourceVersionDate "2016.02.25"]
[SourceQuality "1"]

1. Nf3 e6 2. c4 f5 3. b3 Nf6 4. Bb2 Be7 5. g3 0-0 6. Bg2 d6 7. d4 Ne4 8. 0-0 Bf6 9. Nfd2 d5 10. f4 c5 11. Nxe4 fxe4 12. e3 Nc6 13. a3 b6 14. Rf2 cxd4 15. exd4 Ba6 16. Rc2 Qd7 17. Kh1 Rad8 18. cxd5 exd5 19. Kg1 Bd3 20. Rd2 Nxd4 1/2-1/2

[Event "Skudai Kejohanan op"]
[Site "Skudai"]
[Date "2016.01.31"]
[Round "2"]
[White "Kacung, Harapan Mat Rosat"]
[Black "Muhd, Ali Chor"]
[Result "0-1"]
[WhiteElo "1498"]
[BlackElo "1823"]
[PlyCount "76"]
[EventDate "2016.01.31"]
[EventType "swiss"]
[EventRounds "9"]
[EventCountry "MAS"]
[SourceTitle "CBM 170 Extra"]
[Source "ChessBase"]
[SourceDate "2016.02.25"]
[SourceVersion "1"]
[SourceVersionDate "2016.02.25"]
[SourceQuality "1"]

1. c4 e5 2. d4 exd4 3. Qxd4 Nc6 4. Qe4+ Be7 5. Nc3 Nf6 6. Qc2 d6 7. e4 Be6 8. Be3 Ng4 9. 0-0-0 Nxe3 10. fxe3 Bg5 11. Qf2 Ne5 12. h4 Ng4 13. Qf3 Bxe3+ 14. Kb1 Bh6 15. Nh3 Ne5 16. Qf2 Nxc4 17. Bxc4 Bxc4 18. g4 g6 19. Nd5 Bxd5 20. exd5 0-0 21. Rhg1 Qd7 22. Rd3 Rae8 23. g5 Bg7 24. Nf4 Re4 25. Rh1 Qf5 26. Nh3 Qe5 27. Qh2 Re1+ 28. Rxe1 Qxh2 29. Rb3 Qd2 30. Rc1 Re8 31. a3 Re3 32. Rxb7 Rxh3 33. Rb8+ Bf8 34. Rb4 h5 35. Rbc4 Bg7 36. R4c2 Qd3 37. Ka1 Qxa3+ 38. Kb1 Rb3 0-1

[Event "Skudai Kejohanan op"]
[Site "Skudai"]
[Date "2016.01.31"]
[Round "1"]
[White "Muhd, Ali Chor"]
[Black "Wan, Syafiq Syahir Wan Z"]
[Result "1-0"]
[WhiteElo "1823"]
[BlackElo "1348"]
[PlyCount "107"]
[EventDate "2016.01.31"]
[EventType "swiss"]
[EventRounds "9"]
[EventCountry "MAS"]
[SourceTitle "CBM 170 Extra"]
[Source "ChessBase"]
[SourceDate "2016.02.25"]
[SourceVersion "1"]
[SourceVersionDate "2016.02.25"]
[SourceQuality "1"]

1. e4 b6 2. d4 Bb7 3. Bd3 e6 4. Nf3 d6 5. Nc3 Nd7 6. 0-0 Ngf6 7. Bf4 Be7 8. Re1 0-0 9. Qe2 d5 10. e5 Ne8 11. Rad1 c6 12. g3 g6 13. h4 Ng7 14. Bh6 f5 15. exf6 Bxf6 16. h5 gxh5 17. Ne5 Qe7 18. Kg2 Nxe5 19. dxe5 Bg5 20. Bxg7 Qxg7 21. Qxh5 Rf7 22. Bxh7+ Qxh7 23. Qxg5+ Rg7 24. Qf6 Rg6 25. Qf4 Rf8 26. Qd2 d4 27. Ne4 Rh6 28. Qg5+ Kh8 29. Qxh6 Qxh6 30. Rh1 Qxh1+ 31. Rxh1+ Kg7 32. f3 Rd8 33. Nf6 Ba8 34. Rd1 c5 35. g4 Kg6 36. Kg3 a5 37. f4 b5 38. Rd2 b4 39. b3 Bb7 40. Kh4 Ba6 41. Rf2 Bc8 42. Ne4 Rd5 43. Nd6 Ba6 44. Rd2 d3 45. cxd3 Rxd3 46. f5+ exf5 47. gxf5+ Kg7 48. f6+ Kf8 49. Rxd3 Bxd3 50. e6 Bg6 51. Kg5 Be8 52. Nxe8 c4 53. Nd6 c3 54. e7+ 1-0